| 000 | 00000nam 2200000zi 4500 |
| 001 | 9.935272 |
| 003 | CaOODSP |
| 005 | 20251024105804 |
| 006 | m o d f |
| 007 | cr mn||||||||| |
| 008 | 240312e202405##quc ob f000 0 fre d |
| 020 | |a9780660707457 |
| 040 | |aCaOODSP|bfre|erda|cCaOODSP |
| 043 | |an-cn--- |
| 086 | 1 |aEn84-294/2024F-PDF |
| 245 | 00|aCoeffcients d'émission et valeurs de référence. |
| 246 | 17|aCoefficients d'émission et valeurs de référence, version 2.0 |
| 250 | |aVersion 2.0. |
| 264 | 1|aGatineau (Québec) : |bEnvironnement et changement climatique Canada = Environment and Climate Change Canada, |cmai 2024. |
| 264 | 4|c©2024 |
| 300 | |a1 ressource en ligne (iv, 14 pages) |
| 336 | |atexte|btxt|2rdacontent/fre |
| 337 | |ainformatique|bc|2rdamedia/fre |
| 338 | |aressource en ligne|bcr|2rdacarrier/fre |
| 500 | |aPublié aussi en anglais sous le titre : Emission factors and reference values. |
| 500 | |aTitre de la couverture. |
| 500 | |a« Régime de crédits compensatoires pour les gaz à effet de serre du Canada. » |
| 500 | |a« EC24060 » -- Page [ii]. |
| 504 | |aComprend des références bibliographiques. |
| 650 | 6|aCompensation des émissions de carbone|zCanada. |
| 650 | 6|aGaz à effet de serre|xRéduction|zCanada. |
| 710 | 1 |aCanada. |bEnvironnement et changement climatique Canada, |eorganisme de publication. |
| 775 | 08|tEmission factors and reference values.|w(CaOODSP)9.935269 |
| 794 | |tCoefficients d'émission et valeurs de référence.|bVersion 3.0.|w(CaOODSP)9.955130 |
| 795 | |tCoeffcients d'émission et valeurs de référence.|bVersion 1.1.|w(CaOODSP)9.922462 |
| 856 | 40|qPDF|s405 Ko|uhttps://publications.gc.ca/collections/collection_2024/eccc/En84-294-2024-fra.pdf |
| 856 | 4 |qHTML|sS.O.|uhttps://www.canada.ca/fr/environnement-changement-climatique/services/changements-climatiques/fonctionnement-tarification-pollution/systeme-tarification-fonde-rendement/systeme-federal-credits-compensatoires-gaz-effet-serre/coefficients-emission-valeurs-reference.html |
| 986 | |aEC24060 |